Logo BPK

Biblioteka

Politechniki Koszalińskiej

Zabezpiecznie budowli przed wilgocią, wodą gruntową i korozją / (Rekord nr 5790)

Szczegóły MARC
000 -ETYKIETA REKORDU
podpole kontrolne o stałej długości 00382nam a2200145 i 4500
001 - NUMER KONTROLNY REKORDU
pole kontrolne bg
040 ## - ŹRÓDŁO KATALOGOWANIA
Instytucja, która utworzyła rekord BPK
041 ## - KOD JĘZYKA
Kod języka tekstu pol
008 - POLE O STAŁEJ DŁUGOŚCI - DANE KONTROLNE
podpole kontrolne o stałej długości s pl f |000 0 pol
100 1# - NAZWA OSOBOWA
Nazwa osobowa STANKIEWICZ, H.
245 #0 - TYTUŁ/ODPOWIEDZIALNOŚĆ
Tytuł Zabezpiecznie budowli przed wilgocią, wodą gruntową i korozją /
Pozostałe elementy strefy tytułu i oznaczenia odpowiedzialności H. Stankiewicz.
250 ## - STREFA WYDANIA
Oznaczenie wydania Wyd.3 popr. i uzup.
260 ## - STREFA ADRESU WYDAWNICZEGO
Miejsce wydania Warszawa,
Data publikacji, dystrybucji/powstania dokumentu 1976.
856 ## - LOKALIZACJA I DOSTĘP DO ELEKTRONICZNYCH DOKUMENTÓW ZDALNYCH
Link (URL) http://koha.tu.koszalin.pl/cgi-bin/koha/opac-detail.pl?biblionumber=5790
Tekst linku Katalog online BPK
942 ## - DODATKOWE ELEMENTY (KOHA)
Typ dokumentu Książka
Egzemplarze
Wycofany Status egzemplarza Uszkodzony Dostępność Lokalizacja stała Lokalizacja bieżąca Miejsce przechowywania Sygnatura Kod kreskowy Typ dokumentu
      Dostępny Biblioteka Politechniki Koszalińskiej Biblioteka Politechniki Koszalińskiej Wypożyczalnia BG P 45434 01352160 Książka
© 2023 Biblioteka Politechniki Koszalińskiej :: KOHA